000 00517nam a22001937a 4500
008 151009b xxu||||| |||| 00| 0 eng d
020 _a0072423382
041 0 _aeng
080 _a658.15
100 1 _aGarrison, Ray H.
245 1 0 _aManagerial accounting /
_cRay H. Garrison, Eric W. Noreen.
250 _a10th ed.
260 _aBoston :
_bMcGraw Hill;
_c2003.
300 _axxxvi, 838 f. :
_bme il.;
_c28 cm.
650 0 _aKontabilitet
650 0 _aMenaxherial
700 1 _aNoreen, Eric W.
942 _2udc
_cBK
999 _c1246
_d1246